000 00371nam a22001457a 4500
999 _c1772
_d1772
008 200203b ||||| |||| 00| 0 eng d
082 0 0 _a621.7
_bS5453
100 _91384
_aShelly, Joseph A.
245 1 0 _aPattern making
_cby Joseph A Shelly
260 _aNew York
_bIndustrial press
_c1920
300 _ax,341p.
365 _d23.01
650 0 _aPattern Making
942 _cBK